| 000 | 00392nam a22001577a 4500 | ||
|---|---|---|---|
| 999 |
_c8833 _d8833 |
||
| 003 | OSt | ||
| 008 | 200711b ||||| |||| 00| 0 eng d | ||
| 020 | _a9789388706186 | ||
| 100 | _aTembhurne,Sachin V Vadlamudi, Rao V. S. V. | ||
| 245 | _aPharmacology - I | ||
| 250 | _a2019 | ||
| 260 |
_aN deihi _bNirali Prakashan _c2019 |
||
| 300 | _a23.6 | ||
| 650 | _aPharmacology | ||
| 942 |
_2ddc _cBK _017 |
||